=LDR 00000nam 2200000 4500 =001 000386 =005 20250710031313 =035 ##$$a 0010-0725000247 =007 ta =008 250710################a##########0#ind## =020 ##$$a 978-623-472-030-3 =082 ##$$a 398.209 598 =084 ##$$a 398.209 598 NIL j =100 #$$a Nilekani Rohini =245 1#$$a Jungkir Balik /$c Rohini Nilekani =250 ##$$a Cetakan Pertama 2024 =260 ##$$a Jakarta :$b Badan Pengembangan dan Pembinaan Bahasa,$c 2022 =300 ##$$a 20 hlm : $b Ilus. ; $c 22,9 cm =650 #4$$a Cerita Anak Indonesia - Terjemahan-Inggris =650 #4$$a Literasi- Bahan Bacaan =990 ##$$a TBM01090109 =990 ##$$a TBM01140114